Tracez les frontières des États américains sur une carte - Statistiques

Statistiques générales
  • Ce quiz a été pris 38 751 fois
  • Le résultat moyen est 47 sur 105
Réponses sur la Carte
Les réponses sont colorées sur une échelle allant du rouge au vert en fonction du pourcentage des utilisateurs qui les ont devinées à leur premier essai. Vous pouvez retrouver ces pourcentages ci-dessous.
 
Statistiques - réponses
Frontières % Correct
Californie | Nevada
80%
Nouveau-Mexique | Texas
78%
Dakota du Nord | Dakota du Sud
74%
Oregon | Washington
74%
Californie | Oregon
73%
Arizona | Californie
71%
Caroline du Nord | Caroline du Sud
69%
Louisiane | Texas
69%
Arizona | Nouveau-Mexique
67%
Arizona | Nevada
65%
Floride | Géorgie
64%
Nevada | Utah
63%
Nevada | Oregon
62%
Idaho | Washington
59%
Montana | Dakota du Nord
59%
Arizona | Utah
58%
Idaho | Oregon
58%
Louisiane | Mississippi
58%
Oklahoma | Texas
58%
Colorado | Utah
57%
Idaho | Montana
57%
Alabama | Floride
56%
Colorado | Nouveau-Mexique
56%
Idaho | Nevada
56%
Alabama | Mississippi
54%
Montana | Dakota du Sud
54%
Virginie | Virginie-Occidentale
54%
Alabama | Géorgie
53%
Géorgie | Caroline du Sud
53%
Idaho | Utah
53%
Arkansas | Texas
52%
Montana | Wyoming
51%
New Jersey | New York
51%
Idaho | Wyoming
50%
Minnesota | Dakota du Nord
50%
Colorado | Wyoming
49%
Utah | Wyoming
49%
Caroline du Nord | Virginie
48%
Dakota du Sud | Wyoming
48%
Minnesota | Dakota du Sud
47%
Arkansas | Louisiane
46%
Kansas | Oklahoma
46%
Kentucky | Tennessee
46%
Michigan | Ohio
46%
Alabama | Tennessee
45%
Colorado | Kansas
45%
Illinois | Indiana
45%
New York | Pennsylvanie
45%
Nouveau-Mexique | Oklahoma
45%
Arkansas | Oklahoma
44%
Colorado | Oklahoma
44%
Géorgie | Tennessee
44%
Indiana | Michigan
44%
Indiana | Ohio
44%
Maine | New Hampshire
44%
Nebraska | Dakota du Sud
43%
Arkansas | Mississippi
42%
Minnesota | Wisconsin
42%
Mississippi | Tennessee
42%
Colorado | Nebraska
41%
New Hampshire | Vermont
41%
Kansas | Nebraska
40%
Nebraska | Wyoming
40%
New York | Vermont
40%
Illinois | Iowa
39%
Caroline du Nord | Tennessee
38%
Illinois | Wisconsin
38%
Kansas | Missouri
38%
Arkansas | Missouri
37%
Arkansas | Tennessee
37%
Indiana | Kentucky
37%
Iowa | Dakota du Sud
37%
Iowa | Minnesota
37%
Ohio | Pennsylvanie
37%
Géorgie | Caroline du Nord
36%
Kentucky | Ohio
36%
Iowa | Nebraska
35%
Iowa | Wisconsin
35%
Kentucky | Virginie
35%
Massachusetts | New York
35%
Michigan | Wisconsin
35%
Missouri | Oklahoma
35%
Illinois | Kentucky
34%
Illinois | Missouri
34%
Iowa | Missouri
34%
Missouri | Tennessee
33%
Tennessee | Virginie
33%
Connecticut | New York
32%
Kentucky | Virginie-Occidentale
32%
Massachusetts | Vermont
32%
Missouri | Nebraska
32%
Kentucky | Missouri
31%
Connecticut | Massachusetts
30%
Massachusetts | New Hampshire
30%
Ohio | Virginie-Occidentale
30%
Pennsylvanie | Virginie-Occidentale
30%
Connecticut | Rhode Island
28%
Maryland | Virginie
28%
Massachusetts | Rhode Island
28%
Maryland | Pennsylvanie
27%
Delaware | Maryland
26%
New Jersey | Pennsylvanie
26%
Maryland | Virginie-Occidentale
21%
Delaware | New Jersey
18%
Delaware | Pennsylvanie
18%
Aucun quiz correspondant
Distribution des résultats
% des personnes avec chaque résultat
Percentile par nombre de réponses
Votre historique - résultats
Vous n’avez pas pris ce quiz